वासुदेवशरण अग्रवाल (Record no. 3009)

MARC details
000 -LEADER
fixed length control field 01402 a2200253 4500
005 - DATE AND TIME OF LATEST TRANSACTION
control field 20080911103755.0
008 - FIXED-LENGTH DATA ELEMENTS--GENERAL INFORMATION
fixed length control field 080911t xxu||||| |||| 00| 0 hin d
010 ## - LIBRARY OF CONGRESS CONTROL NUMBER
LC control number HIN-79578
020 ## - INTERNATIONAL STANDARD BOOK NUMBER
Terms of availability 25.00
International Standard Book Number 8126023902
035 ## - SYSTEM CONTROL NUMBER
System control number HN-51924
037 ## - SOURCE OF ACQUISITION
Source of stock number/acquisition D.B.Act / ven
082 ## - DEWEY DECIMAL CLASSIFICATION NUMBER
Classification number 820.92
100 ## - MAIN ENTRY--PERSONAL NAME
Personal name त्रिपाठी, राममूर्ति
245 ## - TITLE STATEMENT
Title वासुदेवशरण अग्रवाल
Statement of responsibility, etc राममूर्ति त्रिपाठी
246 ## - VARYING FORM OF TITLE
Title proper/short title Vasudev saran Agarwal
Remainder of title by Rammurti Tripathi
260 ## - PUBLICATION, DISTRIBUTION, ETC. (IMPRINT)
Place of publication, distribution, etc नई दिल्ली
Name of publisher, distributor, etc साहित्य अकादेमी
Date of publication, distribution, etc 2006
260 ## - PUBLICATION, DISTRIBUTION, ETC. (IMPRINT)
Place of publication, distribution, etc दिल्ली (वितरक) नार्थ इंडिया पब्लिशर्स
270 ## - ADDRESS
Address रवीन्द्र भवन, 35, फीरोजशाह मार्ग
City नई दिल्ली
Postal code 110001
270 ## - ADDRESS
Address ई1/265 सोनिया विहार
300 ## - PHYSICAL DESCRIPTION
Extent 112पृ
Dimensions 22 सेमी (अजिल्द)
490 ## - SERIES STATEMENT
Series statement (भारतीय साहित्य के निर्माता)
942 ## - ADDED ENTRY ELEMENTS (KOHA)
Institution code [OBSOLETE] dpl
Koha item type Hindi Books
Call number prefix 820.92 / त्रिपाठी
Source of classification or shelving scheme Dewey Decimal Classification
Classification part 820.92
Call number suffix त्रिपाठी
Holdings
Withdrawn status Lost status Damaged status Not for loan Home library Current library Date acquired Cost, normal purchase price Total Checkouts Full call number Barcode Date last seen Copy number Uniform Resource Identifier Cost, replacement price Price effective from Koha item type
        D.B.Act.Division D.B.Act.Division 11/09/2008 25.00   820.92 त्रिपाठी HN-51924 15/09/2008 1 3203 25.00 15/09/2008 Hindi Books

© Delhi Public Library
Hit Counter
free hit counter